000 01554nam a2200469 i 4500
001 7610
003 KOSZ 005
005 20210312144816.0
008 070320s1973 pl a f |000 0 pol
015 _aPB 1973/4492
035 _a991033506809705066
035 _a(PL-WaBN)b18971969-48omnis_nlop
035 _ab18971969
035 _a(OCoLC)749905021
035 _a(PL)b0000001897196
035 _a(EXLNZ-48OMNIS_NETWORK)9910000825405606
040 _aWA N
_cWA N
_dKOSZ 005/EC
041 _apol
046 _k1966
080 _a621.9.06-045.43
080 _a(083)
245 0 0 _aProjektowanie obrabiarek do metali :
_btablice pomocnicze do konstrukcji /
_cMaciej Szafarczyk [et al.].
250 _aWyd. 3.
260 _aWarszawa :
_bWydawnictwa Politechniki Warszawskiej,
_c1973.
300 _a309 s. :
_bil. ;
_c23 cm.
336 _2rdacontent
_aTekst
_btxt
337 _2rdamedia
_aBez urządzenia pośredniczącego
_bn
338 _2rdacarrier
_aWolumin
_bnc
380 _aKsiążki
380 _aPublikacje dydaktyczne
385 _aSzkoły wyższe
_mPoziom nauczania
388 _a1901-2000
388 _a1945-1989
650 7 _aObrabiarka
_2DBN
655 7 _aTablice i wzory
_2DBN
658 _aInżynieria i technika
700 1 _aSzafarczyk, Maciej
_d(1931- )
_eAutor
710 2 _aOficyna Wydawnicza Politechniki Warszawskiej
_4pbl
856 _uhttp://koha.tu.koszalin.pl/cgi-bin/koha/opac-detail.pl?biblionumber=7610
_yKatalog online BPK
942 _2UKD
_cKS
999 _c7610
_d7610